Úvod do vysokoškolského štúdia

Uloženo v:
Podrobná bibliografie
Hlavní autor: ROHAĽOVÁ, E. (Autor)
Médium: Kniha
Jazyk:slovenština
Vydáno: Nitra : Slov. poľnohosp. univ., 2005
Vydání:3. preprac. vyd.
Témata:
ISBN:8080695415
On-line přístup: Získat plný text
Tagy: Přidat tag
Žádné tagy, Buďte první, kdo vytvoří štítek k tomuto záznamu!

MARC

LEADER 00000nam a2200000 4500
003 SK-BrCVT
005 20230525123626.0
008 221214c2005 xo slo
020 |a 8080695415  |c 150.00 Sk 
035 |a CVTIDW0022348 
040 |a CVTISR  |c CVTISR  |e AACR2 
041 |a slo 
044 |a xo  |c SK 
100 1 |a ROHAĽOVÁ, E.  |4 aut 
245 1 |a Úvod do vysokoškolského štúdia  |c Autor: E. ROHAĽOVÁ a kol. 
250 |a 3. preprac. vyd. 
260 1 |a Nitra :  |b Slov. poľnohosp. univ.,  |c 2005 
300 |a 174 s. 
655 4 |a informačný materiál  |9 35567 
910 |a 8929  |b P051533 
919 |a 80-8069-541-5 
974 |a cvti cvti  |f Knihy neprofilové  |b cvti cvti 
992 |a AIM 
997 |h WINISIS 
999 |c 286825  |d 286825